مكتبة جامعة عجلون الوطنية

فهرس بحث المكتبة

Normal view MARC view
  • ندوة حول عبد الحميد شرف: قراءة في سيرته وتجربته 1996م، المركز الأردني للدرسات والمعلومات، عمان، الاردن

Entry Personal Name

Number of records used in: 1

001 - CONTROL NUMBER

  • control field: 49974

003 - CONTROL NUMBER IDENTIFIER

  • control field: JO-AjAnu

005 - DATE AND TIME OF LATEST TRANSACTION

  • control field: 20230606082230.0

008 - FIXED-LENGTH DATA ELEMENTS

  • fixed length control field: 230606|| aca||aabn | a|a d

040 ## - CATALOGING SOURCE

  • Original cataloging agency: JO-AjAnu
  • Transcribing agency: JO-AjAnu

100 ## - HEADING--PERSONAL NAME

  • Personal name: ندوة حول عبد الحميد شرف: قراءة في سيرته وتجربته 1996م، المركز الأردني للدرسات والمعلومات، عمان، الاردن

670 ## - SOURCE DATA FOUND

  • Source citation: Work cat.: (JO-AjAnu)25552: ندوة حول عبد الحميد شرف: قراءة في سيرته وتجربته 1996م، المركز الأردني للدرسات والمعلومات، عمان، الاردن, author, عبد الحميد شرف: قراءة في سيرته وتجربته: وقائع الندوة التي نظمها المركز الأردني للدراسات والمعلومات بالتعاون مع وزارة الثقافة، الاردن